000 00494nam a22001697a 4500
999 _c8758
_d8758
008 201214b ||||| |||| 00| 0 eng d
040 _aBMS College of Architecture
100 _aR, Suppriya
245 _aGolf resort
300 _a55p.
500 _a1BM11AT072
502 _8B,Arch
_NBMS College of Architecture, Visvesvaraya Technological University (VTU)
_aProject report
_d2015
650 _aResort
700 _aSamhita B S
_eGudie
700 _aPrathima Reddy
_eGuide
942 _2ddc
_cTHE